[Event "Open"]
[Site "Bergen NOR"]
[Date "2000.07.26"]
[Round "6"]
[White "Lahlum,H"]
[Black "Brekken,E"]
[Result "1/2-1/2"]
[WhiteElo "2215"]
[BlackElo "2222"]

1.d4 d5 2.c4 e6 3.Nf3 Nf6 4.Nc3 c6 5.e3 Bd6 6.Bd3 dxc4 7.Bxc4 Nbd7 8.e4 e5
9.dxe5 Nxe5 10.Nxe5 Bxe5 11.Qxd8+ Kxd8 12.f3 Be6 13.Bxe6 fxe6 14.Be3 b6 15.O-O-O+ Ke7
16.Ne2 Rhd8 17.Bf4 Rxd1+ 18.Rxd1 Bxf4+ 19.Nxf4 e5 20.Nd3 Ke6 21.Kd2  1/2-1/2

[Event "4th Open"]
[Site "Korinthos GRE"]
[Date "2000.07.26"]
[Round "2"]
[White "Galje,H"]
[Black "Novikov,I"]
[Result "0-1"]
[WhiteElo "2115"]
[BlackElo "2611"]

1.d4 d5 2.c4 e6 3.Nc3 c6 4.e3 Nf6 5.Nf3 Nbd7 6.Qc2 Bd6 7.Bd2 O-O 8.Bd3 dxc4
9.Bxc4 b5 10.Bd3 Bb7 11.e4 e5 12.O-O exd4 13.Nxd4 Nc5 14.Be2 b4 15.Na4 Ncxe4
16.Be3 Re8 17.Rad1 Qc7 18.h3 Nd5 19.Bc1 Rad8 20.Bd3 Ndf6 21.Nf5 Bf8 22.Be3 Qe5
23.Nh4 c5 24.Nf3 Qh5 25.Bb5 Rxd1 26.Qxd1 Rc8 27.Bc4 Nd5 28.Re1 Nxe3 29.Rxe3 Nd6
30.Be2 Qd5 31.Qb1 Qc6 32.b3 c4 33.Re5 c3 34.Qc2 g6 35.Ne1 Re8 36.Rxe8 Qxe8
37.Nc5 Bc6 38.Ned3 Nf5 39.Bf1 Nd4 40.Qd1 c2 41.Qd2 Bxc5 42.Nxc5 Bxg2  0-1

[Event "MTO Open"]
[Site "Biel SUI"]
[Date "2000.07.27"]
[Round "4"]
[White "Guenther,T"]
[Black "Schweizer,R"]
[Result "1-0"]
[WhiteElo "2138"]
[BlackElo "2032"]

1.d4 Nf6 2.Nf3 d5 3.c4 e6 4.Nc3 c6 5.e3 Be7 6.Bd3 dxc4 7.Bxc4 Nd5 8.e4 Nxc3
9.bxc3 O-O 10.O-O Nd7 11.Qe2 Qc7 12.e5 b6 13.Qe4 Re8 14.Ng5 Nf8 15.Bd3 Bxg5
16.Bxg5 Bb7 17.Qg4 c5 18.h4 cxd4 19.cxd4 Rac8 20.h5 Qd7 21.Bf6 g6 22.Rfe1 Rc3
23.Qg5  1-0

[Event "MTO Open"]
[Site "Biel SUI"]
[Date "2000.07.27"]
[Round "4"]
[White "Pelletier,Y"]
[Black "Galkin,A"]
[Result "0-1"]
[WhiteElo "2474"]
[BlackElo "2587"]

1.d4 d5 2.c4 e6 3.Nc3 c6 4.e3 Nf6 5.Nf3 Nbd7 6.Bd3 dxc4 7.Bxc4 b5 8.Bd3 Bb7
9.e4 b4 10.Na4 c5 11.e5 Nd5 12.dxc5 Nxc5 13.Bb5+ Nd7 14.Bg5 Qa5 15.Bxd7+ Kxd7
16.O-O Be7 17.a3 Rhc8 18.axb4 Qxb4 19.Bd2 Qc4 20.Nc3 Ke8 21.Ra4 Qd3 22.Rg4 Nxc3
23.bxc3 Bxf3 24.Qxf3 Qxf3 25.gxf3 g6 26.Ra4 Bc5 27.c4 Rab8 28.Be3 Rb3 29.Re1 Bb4
30.Rc1 a5 31.Bb6 Rc3 32.Rxc3 Bxc3 33.c5 Kd7 34.Rf4 Kc6 35.Rxf7 Ra8 36.Bxa5 Rxa5
37.Rxh7 Bxe5 38.Rh6 Ra7 39.Rxg6 Rg7 40.Rg4 Kxc5 41.Kg2 Kd5 42.h4 Rxg4+ 43.fxg4 Ke4
44.f3+ Ke3 45.g5 Kf4 46.Kf2 Bh8 47.Ke2 Kg3  0-1

[Event "Open"]
[Site "Bergen NOR"]
[Date "2000.07.28"]
[Round "8"]
[White "Johannessen,LE"]
[Black "Gabrielsen,T"]
[Result "1-0"]
[WhiteElo "2422"]
[BlackElo "2197"]

1.d4 d5 2.c4 e6 3.Nf3 c6 4.e3 Nf6 5.Nc3 Nbd7 6.Bd3 dxc4 7.Bxc4 b5 8.Bd3 Bb7
9.O-O b4 10.Ne4 c5 11.Nxf6+ gxf6 12.e4 cxd4 13.Nxd4 Qb6 14.Nb3 Bc5 15.Nxc5 Nxc5
16.Be3 Qa5 17.Qh5 f5 18.Bd4 Rg8 19.Qxh7 Rg6 20.Qh8+ Kd7 21.Qe5 fxe4 22.Bxc5 exd3
23.Qd6+ Kc8 24.Rfc1 Bxg2 25.Bxb4+ Bc6+ 26.Kf1 Rg1+ 27.Kxg1 Qg5+ 28.Qg3  1-0

[Event "MTO Open"]
[Site "Biel SUI"]
[Date "2000.07.28"]
[Round "5"]
[White "Handke,F"]
[Black "Huzman,A"]
[Result "1/2-1/2"]
[WhiteElo "2455"]
[BlackElo "2574"]

1.d4 d5 2.c4 c6 3.Nc3 Nf6 4.e3 e6 5.Nf3 Nbd7 6.Bd3 dxc4 7.Bxc4 b5 8.Bd3 a6
9.e4 c5 10.d5 Qc7 11.dxe6 fxe6 12.O-O Bb7 13.Bc2 Bd6 14.Qe2 O-O-O 15.Re1 Bf4
16.e5 Bxf3 17.Qxf3 Bxe5 18.Bg5 Kb8 19.Kh1 h6  1/2-1/2

[Event "MTO Open"]
[Site "Biel SUI"]
[Date "2000.07.28"]
[Round "5"]
[White "Sundararajan,K"]
[Black "Pelletier,Y"]
[Result "0-1"]
[WhiteElo "2404"]
[BlackElo "2474"]

1.d4 d5 2.c4 c6 3.Nc3 Nf6 4.e3 e6 5.Nf3 Nbd7 6.Bd3 dxc4 7.Bxc4 b5 8.Bd3 Bb7
9.e4 b4 10.Na4 c5 11.e5 Nd5 12.dxc5 Nxc5 13.Bb5+ Nd7 14.Bg5 Qa5 15.Bxd7+ Kxd7
16.O-O Be7 17.a3 Rhc8 18.Bxe7 Kxe7 19.Ng5 Nf4 20.Qd6+ Ke8 21.Nxh7 Ng6 22.axb4 Qxe5
23.Qxe5 Nxe5 24.Nc5 Bd5 25.Ng5 Nc6 26.Nge4 Ke7 27.Ra4 Rcb8 28.Nc3 Rxb4 29.Nxd5+ exd5
30.Ra6 Kd6 31.Nd3 Rb6 32.Rxb6 axb6 33.Re1 Nd4 34.Kf1 Rc8 35.Rc1 Rc4 36.Ke1 Nb3
37.Rc3 Rxc3 38.bxc3 d4 39.cxd4 Kd5 40.h4 Kxd4 41.Ke2 Nc5 42.Nxc5 bxc5 43.Kd2 f5
44.h5 c4 45.Kc2 c3 46.Kc1 Kd3 47.Kd1 c2+ 48.Kc1 Kc3 49.g3 Kd3 50.f3 Ke3 51.g4 fxg4
52.fxg4 Kf4 53.Kxc2 Kxg4 54.h6 gxh6 55.Kd2 Kf3 56.Ke1 Kg2  0-1

[Event "MTO Open"]
[Site "Biel SUI"]
[Date "2000.07.28"]
[Round "5"]
[White "Yates Doerr,R"]
[Black "Guenther,T"]
[Result "1-0"]
[WhiteElo "2250"]
[BlackElo "2138"]

1.Nf3 Nf6 2.c4 e6 3.Nc3 d5 4.d4 c6 5.e3 Bd6 6.Bd3 a6 7.O-O O-O 8.e4 dxe4
9.Nxe4 Nxe4 10.Bxe4 Be7 11.Bc2 Nd7 12.Qd3 g6 13.Bh6 Re8 14.Rad1 Bf6 15.Rfe1 Qc7
16.Qe3 b5 17.c5 Bb7 18.Bf4 Qd8 19.Ng5 Bxg5 20.Bxg5 Qc7 21.Bf4 Qd8 22.Qg3 Rc8
23.h4 a5 24.h5 b4 25.hxg6  1-0

[Event "MTO Open"]
[Site "Biel SUI"]
[Date "2000.07.28"]
[Round "5"]
[White "Radjabov,T"]
[Black "Riazantsev,A"]
[Result "1/2-1/2"]
[WhiteElo "2476"]
[BlackElo "2418"]

1.Nf3 d5 2.d4 c6 3.c4 Nf6 4.Nc3 e6 5.e3 Nbd7 6.Qc2 Bd6 7.Bd3 O-O 8.O-O dxc4
9.Bxc4 b5 10.Be2 Bb7 11.e4 e5 12.a3 Qb8 13.dxe5 Nxe5 14.Nd4 Ng6 15.g3 Re8
16.Be3 a5 17.Nf5 Bf8 18.Bd4 Nd7 19.f3 b4 20.Na4 c5 21.Be3 Bc6 22.axb4 axb4
23.b3 Qe5 24.Nb2 Qf6 25.Rxa8 Rxa8 26.Nc4 Nge5 27.h4 Nxc4 28.Bxc4 Ne5 29.Be2 Bd7
30.f4 Bxf5 31.exf5 Nc6 32.Bxc5 Bxc5+ 33.Qxc5 Nd4 34.Bd3 Nxb3 35.Qxb4 Nd4
36.Be4 Rd8 37.Qa5 h6 38.Kg2 Re8 39.Rd1 Kh7 40.Qd5 Ne2 41.Qc6 Rxe4 42.Qxe4 Nc3  1/2-1/2

[Event "4th Open"]
[Site "Korinthos GRE"]
[Date "2000.07.28"]
[Round "4"]
[White "Vuckovic,Bo"]
[Black "Radovanovic,D"]
[Result "1/2-1/2"]
[WhiteElo "2444"]
[BlackElo "2331"]

1.d4 d5 2.c4 c6 3.Nc3 Nf6 4.Nf3 e6 5.e3 Nbd7 6.Bd3 dxc4 7.Bxc4 b5 8.Bd3 a6
9.e4 c5 10.d5 c4 11.dxe6 fxe6 12.Bc2 Qc7 13.O-O Bb7 14.Qe2 Bd6 15.Kh1 O-O
16.Ng5 Nc5 17.Be3 h6 18.f4 hxg5 19.e5 Bxe5 20.fxe5 Qxe5 21.Bxc5 Qxc5 22.Qxe6+ Kh8
23.Qh3+ Kg8 24.Qe6+  1/2-1/2

[Event "World Open"]
[Site "Philadelphia USA"]
[Date "2000.07.29"]
[Round "2"]
[White "Umezinwa,G"]
[Black "Ippolito,D"]
[Result "0-1"]
[WhiteElo "2265"]
[BlackElo "2373"]

1.d4 d5 2.Nf3 Nf6 3.c4 e6 4.Nc3 c6 5.e3 Nbd7 6.Bd3 dxc4 7.Bxc4 b5 8.Bd3 a6
9.O-O Bb7 10.a4 b4 11.Ne4 c5 12.Nxf6+ Qxf6 13.Be2 Be7 14.b3 cxd4 15.Bb2 e5
16.exd4 e4 17.Ne5 Rd8 18.Qc2 Nxe5 19.dxe5 Qg6 20.Bc4 O-O 21.Rad1 Rd3 22.Qe2 Bc5
23.Kh1 Rfd8 24.Bc1 Bd5 25.Bxd5 R8xd5 26.Bf4 Qf5 27.Bg3 h5 28.h4 Rxd1 29.Rxd1 Rxd1+
30.Qxd1 Bxf2 31.e6 fxe6 32.Bxf2 Qxf2 33.Qxh5 Qf5 34.Qe2 a5 35.Kg1 Qc5+ 36.Kh2 Qd5
37.Qe3 Qd6+ 38.g3 Qd3 39.Qb6 Qe2+ 40.Kh3 Qf1+ 41.Kh2 Qf5 42.Qe3 Qf3 43.Qb6 e3
44.Qxe6+ Kh7 45.h5 Qxh5+ 46.Kg2 Qe2+ 47.Kh3 Qf1+ 48.Kg4 Qf2 49.Qe8 g6 50.Qe7+ Kh6
51.Qh4+ Kg7 52.Qe7+ Qf7 53.Qxf7+ Kxf7 54.Kf3 Kf6 55.Kxe3 Kf5 56.Kd4 g5 57.Kc5 Ke4
58.Kb5 Kd4 59.Kxa5 Kc3 60.Kb6 Kxb3  0-1

[Event "HZ Open"]
[Site "Vlissingen NED"]
[Date "2000.08.02"]
[Round "6"]
[White "Epishin,V"]
[Black "Gelashvili,T"]
[Result "1-0"]
[WhiteElo "2567"]
[BlackElo "2519"]

1.d4 Nf6 2.c4 e6 3.Nf3 d5 4.Nc3 c6 5.e3 Nbd7 6.Qc2 Bd6 7.Bd3 O-O 8.O-O dxc4
9.Bxc4 b5 10.Be2 Bb7 11.Rd1 Qc7 12.e4 e5 13.g3 a6 14.dxe5 Nxe5 15.Nh4 Bc5
16.Kg2 b4 17.Na4 Be7 18.f3 g6 19.Nc5 Bc8 20.Bh6 Re8 21.Rac1 Nfd7 22.Nxd7 Bxd7
23.Kh1 Bxh4 24.gxh4 a5 25.Qd2 Bc8 26.Qf4 f5 27.Bc4+ Be6 28.exf5 Bxc4 29.Rxc4 Qf7
30.Re4 Qxa2 31.Rxe5 Qb3 32.Rxe8+ Rxe8 33.Qd4 Qf7 34.Rg1 Re7 35.Qd8+ Re8 36.Qd4 Re7
37.Qd3 Rd7 38.Qe4 Rd6 39.h5  1-0

[Event "Scandic Hotels GM"]
[Site "Stockholm SWE"]
[Date "2000.08.03"]
[Round "6"]
[White "Akesson,R"]
[Black "Matros,A"]
[Result "1-0"]
[WhiteElo "2486"]
[BlackElo "2425"]

1.d4 d5 2.c4 c6 3.Nc3 e6 4.e3 Nf6 5.Nf3 Nbd7 6.Bd3 dxc4 7.Bxc4 b5 8.Bd3 a6
9.e4 c5 10.d5 Qc7 11.O-O Bb7 12.b3 Be7 13.a4 exd5 14.Nxd5 Nxd5 15.exd5 O-O
16.axb5 axb5 17.Rxa8 Bxa8 18.Re1 Nf6 19.Qe2 Nxd5 20.Qe4 g6 21.Bh6 Re8 22.Bxb5 Nc3
23.Qh4 Qd8 24.Qf4 Bxf3 25.Qe5 Qd4 26.Bxe8 Be4 27.Qxe7 Ne2+ 28.Kf1 Bxg2+ 29.Kxg2 Qg4+
30.Kf1  1-0

[Event "ch-GBR"]
[Site "Millfield ENG"]
[Date "2000.08.04"]
[Round "5"]
[White "Stephenson,N"]
[Black "Kelly,B"]
[Result "0-1"]
[WhiteElo "2241"]
[BlackElo "2426"]

1.d4 d5 2.c4 c6 3.Nf3 Nf6 4.Nc3 e6 5.e3 Nbd7 6.Qc2 Bd6 7.Be2 O-O 8.O-O Re8
9.Rd1 Qe7 10.h3 a6 11.a3 dxc4 12.Bxc4 b5 13.Ba2 c5 14.dxc5 Bxc5 15.b4 Ba7
16.Ne4 Bb7 17.Nxf6+ Nxf6 18.Bb2 Rac8 19.Qe2 Nd5 20.Rac1 Red8 21.Rxc8 Rxc8
22.Qd2 h6 23.Rc1 Rd8 24.Qc2 Nxe3 25.fxe3 Bxe3+ 26.Kf1 Bxf3 27.gxf3 Qg5  0-1

[Event "Scandic Hotels GM"]
[Site "Stockholm SWE"]
[Date "2000.08.05"]
[Round "8"]
[White "Akesson,R"]
[Black "Grabarczyk,M"]
[Result "1/2-1/2"]
[WhiteElo "2486"]
[BlackElo "2495"]

1.d4 d5 2.c4 c6 3.Nc3 Nf6 4.e3 e6 5.Nf3 Nbd7 6.Bd3 dxc4 7.Bxc4 b5 8.Bd3 Bb7
9.O-O b4 10.Ne4 Be7 11.Nxf6+ Nxf6 12.e4 O-O 13.e5 Nd7 14.Be4 Rb8 15.a3 a5
16.axb4 axb4 17.Qc2 h6 18.Be3 c5 19.Bxb7 Rxb7 20.dxc5 Nxc5 21.Bxc5 Qc8 22.Rfc1 Rc7
23.Ra5 Rd8 24.Ne1 Rd5 25.Nd3 Qd8 26.Qa4 Rxd3 27.Ra8 Rc8 28.Rxc8 Qxc8 29.Be3 Qd8
30.h3 Bg5  1/2-1/2

[Event "FSIMA August"]
[Site "Budapest HUN"]
[Date "2000.08.06"]
[Round "2"]
[White "Petran,Pa"]
[Black "Cooke,E"]
[Result "1-0"]
[WhiteElo "2377"]
[BlackElo "2275"]

1.d4 Nf6 2.Nf3 e6 3.c4 d5 4.Nc3 c6 5.e3 Nbd7 6.Qc2 Be7 7.Bd3 dxc4 8.Bxc4 b5
9.Bd3 a6 10.e4 Bb7 11.e5 Nd5 12.Nxd5 cxd5 13.O-O Rc8 14.Qe2 Qb6 15.a4 Bc6
16.b3 O-O 17.Bd2 Rfe8 18.Rfc1 f5 19.exf6 Bxf6 20.Be3 Qb8 21.Qd2 e5 22.Bf5 Qd6
23.dxe5 Nxe5 24.Nxe5 Bxe5 25.Bxc8 Rxc8 26.axb5 Bxa1 27.bxc6 Be5 28.f4 Bf6
29.Qc2  1-0

[Event "TCh-ESP"]
[Site "Barcelona ESP"]
[Date "2000.08.08"]
[Round "4"]
[White "Giorgadze,G"]
[Black "Rodriguez,Or"]
[Result "1-0"]
[WhiteElo "2599"]
[BlackElo "2494"]

1.d4 d5 2.c4 c6 3.Nc3 Nf6 4.e3 e6 5.Nf3 Nbd7 6.Bd3 Bd6 7.O-O O-O 8.e4 dxc4
9.Bxc4 e5 10.Bb3 Qc7 11.h3 b5 12.a3 Bb7 13.Bg5 exd4 14.Nxd4 Bf4 15.Bxf4 Qxf4
16.Nf5 Nc5 17.g3 Qc7 18.Bc2 Rad8 19.Qf3 Ne6 20.Qe3 c5 21.Rad1 Rxd1 22.Rxd1 Rd8
23.Rxd8+ Qxd8 24.e5 Nd5 25.Nxd5 Bxd5 26.Qd3 Bc4 27.Qxd8+ Nxd8 28.Nd6 Be2
29.f4 b4 30.axb4 cxb4 31.Kf2 Ba6 32.Ke3 Bf1 33.h4 a5 34.Bb3 Kf8 35.Kd4 f6
36.Kc5 fxe5 37.fxe5 Bh3 38.Nc4 Nf7 39.Kb5 g5 40.hxg5 Nxg5 41.Nd2 Kg7 42.Kxa5 Kg6
43.Bc2+ Kf7 44.Ne4  1-0

[Event "Open"]
[Site "Chania GRE"]
[Date "2000.08.08"]
[Round "7"]
[White "Kokolias,K"]
[Black "Makropoulou,M"]
[Result "1-0"]
[WhiteElo "2097"]
[BlackElo "2284"]

1.d4 d5 2.c4 e6 3.Nc3 c6 4.Nf3 Nf6 5.e3 Nbd7 6.Bd3 dxc4 7.Bxc4 b5 8.Bd3 b4
9.Ne4 Bb7 10.Nxf6+ Nxf6 11.O-O Be7 12.e4 h6 13.Bf4 Rc8 14.Qa4 a5 15.Rfd1 O-O
16.Rac1 Qb6 17.Ne5 Qxd4 18.Ba6 Qb6 19.Bxb7 Qxb7 20.Nxc6 Nxe4 21.Nxe7+ Qxe7
22.Qxa5 Qf6 23.Qe5 Qxe5 24.Bxe5 f6 25.Bc7 Rf7 26.Ba5 Rxc1 27.Rxc1 Rb7 28.Rc4 Nd6
29.Rxb4 Ra7 30.Rb8+ Kf7 31.b4 Nc4 32.Rb5 Rd7 33.g3 Rd1+ 34.Kg2 Rd2 35.Rc5 Ne3+
36.Kf3 Nd1 37.Rc7+ Kg6 38.Bb6 Rxa2 39.Bc5 Rb2 40.Rb7 Nc3 41.Bf8 e5 42.g4 f5
43.Rxg7+ Kf6 44.gxf5 Kxf5 45.Rf7+ Ke6 46.Rb7 e4+ 47.Kg3 Ne2+ 48.Kg4 h5+ 49.Kh4 Nf4
50.Bc5 Nd3 51.Bd4 Rc2 52.b5 Nxf2 53.b6 e3 54.Rc7 Rxc7 55.bxc7 Kd7 56.Bxe3 Nd3
57.Bb6 Ne5 58.Kxh5 Nc4 59.Bd4 Kxc7 60.Kg6 Nd2  1-0

[Event "4th ch-Arab"]
[Site "Beirut LEB"]
[Date "2000.08.09"]
[Round "5"]
[White "Al Ghasra,A"]
[Black "Khader,S"]
[Result "0-1"]
[WhiteElo "2205"]
[BlackElo "2372"]

1.d4 d5 2.c4 e6 3.Nc3 c6 4.Nf3 Nf6 5.e3 Nbd7 6.Bd3 dxc4 7.Bxc4 b5 8.Bd3 Bb7
9.Qe2 b4 10.Nb1 c5 11.O-O cxd4 12.exd4 Be7 13.Nbd2 O-O 14.Nc4 Nb6 15.Nce5 Qd5
16.Re1 Rac8 17.Qf1 h6 18.h3 Rfd8 19.Bd2 a5 20.Bf4 a4 21.Bd2 Ra8 22.Qe2 Bd6
23.Nc4 Nxc4 24.Bxc4 Qh5 25.Rad1 Bxf3 26.Qxf3 Qxf3 27.gxf3 Bf8 28.Be3 Nd5
29.f4 g6 30.Kg2 a3 31.b3 Nc3 32.Rd2 Rd6 33.Kf3 Rad8 34.Rg1 R6d7 35.f5 exf5
36.Rxg6+ Kh7 37.Rf6 Ne4 38.Rxf5 Nxd2+ 39.Bxd2 Rxd4 40.Rxf7+ Kg6 41.Rxf8 Rxf8+
42.Ke3 Rxd2 43.Kxd2 Rxf2+ 44.Be2 Kf5 45.Ke3 Rh2 46.Bg4+ Ke5  0-1

[Event "FSIMA August"]
[Site "Budapest HUN"]
[Date "2000.08.09"]
[Round "5"]
[White "Lamprecht,M"]
[Black "Xu Hanbing"]
[Result "1-0"]
[WhiteElo "2256"]
[BlackElo "2328"]

1.c4 c6 2.Nc3 d5 3.e3 Nf6 4.Nf3 e6 5.d4 Nbd7 6.Qc2 Bd6 7.Be2 O-O 8.O-O Re8
9.Rd1 Qe7 10.e4 dxe4 11.Nxe4 Nxe4 12.Qxe4 f5 13.Qc2 Nf6 14.Bd3 b6 15.Re1 Qc7
16.Bg5 Bb7 17.c5 Bf8 18.Bxf6 gxf6 19.Bc4 Qf7 20.Nh4 bxc5 21.dxc5 Bxc5 22.Nxf5 Kh8
23.Qb3 Bc8 24.Rad1 Qc7 25.Qf3 e5 26.Nd6 Rf8 27.Nf7+ Rxf7 28.Bxf7 Qxf7 29.Qxc6 Bb7
30.Qxc5 Rg8 31.g3 Qh5 32.Rd7 Qf3 33.Rxb7 Qxb7 34.Qd6 Kg7 35.Rd1 Rf8 36.Qd7+ Rf7
37.Qg4+ Kh6 38.b4 Qb6 39.a4 f5 40.Qg8 Qg6 41.Qd8 Rf6 42.Qc7 Re6 43.Qxa7 f4
44.Qc5 Qg4 45.Qf8+ Kh5 46.Qf7+ Rg6 47.Qxh7+ Kg5 48.h4+  1-0

[Event "TCh-ESP"]
[Site "Barcelona ESP"]
[Date "2000.08.10"]
[Round "6"]
[White "Giorgadze,G"]
[Black "Cifuentes Parada,R"]
[Result "1/2-1/2"]
[WhiteElo "2599"]
[BlackElo "2490"]

1.d4 d5 2.c4 c6 3.Nc3 e6 4.e3 Nf6 5.Nf3 Nbd7 6.Bd3 dxc4 7.Bxc4 b5 8.Bd3 b4
9.Na4 c5 10.Bb5 Rb8 11.Be2 Qa5 12.O-O Ba6 13.b3 Be7 14.a3 Bxe2 15.Qxe2 O-O
16.dxc5 Nxc5 17.axb4 Qa6 18.Qxa6 Nxa6 19.Nb2 Nxb4 20.Rxa7 Nbd5 21.Nd2 Bc5
22.Ra1 Rfd8 23.Nbc4 Bb4 24.Nf3 Ne4 25.Nfe5 Rdc8 26.Bb2 f6 27.Nf3  1/2-1/2

[Event "FSELOA August"]
[Site "Budapest HUN"]
[Date "2000.08.11"]
[Round "7"]
[White "Jansen,F"]
[Black "Szabo,K"]
[Result "1-0"]
[WhiteElo "2063"]
[BlackElo "2015"]

1.d4 d5 2.Nf3 Nf6 3.c4 e6 4.Nc3 c6 5.e3 Bb4 6.Qc2 O-O 7.Bd2 Nbd7 8.a3 Bxc3
9.Bxc3 Ne4 10.cxd5 exd5 11.Bd3 Ndf6 12.O-O Re8 13.b4 a6 14.Rab1 Qd6 15.a4 b5
16.Rfc1 Bb7 17.Ne5 Rac8 18.Be1 Nd7 19.f3 Nef6 20.Bg3 Qe7 21.a5 h6 22.Bf5 g6
23.Bh3 Rcd8 24.Nxc6 Bxc6 25.Qxc6 Qxe3+ 26.Bf2 Qd2 27.Qxa6 Re2 28.Rf1 Qd3
29.Rfd1 Rd2 30.Re1 Re8 31.Bxd7 Rxe1+ 32.Rxe1 Nxd7 33.Qa8+ Nf8 34.Qxd5 Rd1
35.Qe4 Qd2 36.Rxd1 Qxd1+ 37.Qe1 Qa4 38.d5 Nd7 39.Qe8+ Kg7 40.Bd4+ Nf6 41.Qe5  1-0

[Event "Lost Boys Open"]
[Site "Amsterdam NED"]
[Date "2000.08.12"]
[Round "2"]
[White "Blees,A"]
[Black "Leer Salvesen,B"]
[Result "0-1"]
[WhiteElo "2389"]
[BlackElo "2277"]

1.d4 e6 2.c4 d5 3.Nc3 c6 4.e3 Nf6 5.Nf3 Nbd7 6.Qc2 Bd6 7.Be2 O-O 8.O-O Re8
9.Rd1 Qe7 10.h3 b6 11.e4 Nxe4 12.Nxe4 dxe4 13.Qxe4 Bb7 14.Bg5 f6 15.Bd2 Rad8
16.Rac1 Ba8 17.Bd3 g6 18.Qe2 e5 19.c5 bxc5 20.dxe5 Nxe5 21.Nxe5 Bxe5 22.Ba5 Rb8
23.b3 Kg7 24.Re1 Qd6 25.Qf3 c4 26.Bxc4 c5 27.Qd1 Bd4 28.Qd2 Re5 29.Rxe5 fxe5
30.Qg5 Rf8 31.Rc2 h6 32.Qg3 Rf5 33.h4 Qf6 34.Re2 Rf4 35.Bc7  0-1

[Event "TCh-ESP"]
[Site "Barcelona ESP"]
[Date "2000.08.12"]
[Round "8"]
[White "Gamundi Salamanca,A"]
[Black "Vallejo Pons,F"]
[Result "1-0"]
[WhiteElo "2464"]
[BlackElo "2554"]

1.d4 e6 2.c4 Nf6 3.Nf3 d5 4.Nc3 c6 5.e3 Nbd7 6.Bd3 dxc4 7.Bxc4 b5 8.Bd3 Bb7
9.O-O a6 10.e4 c5 11.d5 Qc7 12.dxe6 fxe6 13.Ng5 Qc6 14.f4 c4 15.Bc2 Nc5 16.Qe2 b4
17.e5 bxc3 18.exf6 gxf6 19.Qh5+ Kd7 20.Nf3 Nd3 21.Bxd3 Qc5+ 22.Qxc5 Bxc5+
23.Kh1 cxd3 24.bxc3 Rhd8 25.Bd2 Rab8 26.c4 Bxf3 27.Rxf3 Kc6 28.Ba5 Rd7 29.Rd1 Rb2
30.Bc3 Rc2 31.Bxf6 d2 32.g3 Rxa2 33.Kg2 Bb4 34.Re3 Kc5 35.Rxe6 Kxc4 36.Kf3 Kd3
37.Re3+ Kc2 38.Ke2 a5 39.Re6 Ra3 40.Rc6+ Bc3 41.f5 a4 42.Bg5 Rb3 43.Bxd2 Re7+
44.Re6 Rxe6+ 45.fxe6 Bf6 46.Rf1 Bd8 47.Rf8 Rd3 48.Bb4 Rd4 49.Ba3 Rd5 50.Kf1  1-0

[Event "TCh-ESP"]
[Site "Barcelona ESP"]
[Date "2000.08.13"]
[Round "9"]
[White "Brito Garcia,A"]
[Black "Alcazar Jimenez,V"]
[Result "1/2-1/2"]
[WhiteElo "2391"]
[BlackElo "2237"]

1.c4 Nf6 2.Nc3 c6 3.Nf3 d5 4.d4 e6 5.e3 Nbd7 6.b3 Bb4 7.Bd2 O-O 8.Bd3 Qe7
9.O-O e5 10.Be2 exd4 11.exd4 Ne4 12.Nxe4 dxe4 13.Bxb4 Qxb4 14.Ne1 Nf6 15.a3 Qa5
16.Qc1 Be6 17.Qe3 Rad8 18.Nc2 Rfe8 19.Rad1 Qc7 20.Rd2 Bg4 21.Qg5 e3 22.fxe3 Ne4
23.Qxg4 Nxd2 24.Rf4 Nxb3 25.c5 Re7 26.Bd3 g6 27.Bc4 Nd2 28.Ba2 Rde8 29.h4 Qd7
30.Qg5 Ne4 31.Qh6 Nc3 32.Bc4 Nd5 33.Rf3 Qg4 34.Bd3 Qh5 35.Qxh5 gxh5 36.e4 Nc7
37.e5 Ne6 38.Rf5 Rd8 39.Rxh5 Nxd4 40.Ne3 Nf3+ 41.gxf3 Rxd3 42.Ng4 Re6 43.Kf2 Kg7
44.Rg5+ Rg6 45.Rf5 Rxa3 46.h5 Rxg4 47.fxg4 Rc3 48.h6+ Kxh6 49.Rxf7 Rxc5 50.Rxb7 Rxe5
51.Rxa7 Re6 52.Kf3 Kg6 53.Rc7 h6 54.Kf4 Rf6+ 55.Kg3 h5 56.gxh5+ Kxh5 57.Rg7 c5
58.Rc7 Rf5 59.Rc6 Kg5 60.Rd6 Re5 61.Kf3 Kf5 62.Rc6 Rd5 63.Ke3 Ke5 64.Rc8 Ke6
65.Ke4 Rd4+ 66.Ke3 Rd5 67.Ke4 Rh5 68.Rc6+ Kd7 69.Rg6 Kc7 70.Kd3 Rh4 71.Kc3 Rd4
72.Rh6 Rd6 73.Rxd6 Kxd6 74.Kc4  1/2-1/2

[Event "Lost Boys Open"]
[Site "Amsterdam NED"]
[Date "2000.08.14"]
[Round "4"]
[White "Van der Sterren,P"]
[Black "Ramesh,R"]
[Result "1-0"]
[WhiteElo "2569"]
[BlackElo "2450"]

1.d4 d5 2.c4 c6 3.Nf3 Nf6 4.Nc3 e6 5.e3 Nbd7 6.Qc2 Bd6 7.Bd3 O-O 8.O-O dxc4
9.Bxc4 a6 10.Rd1 b5 11.Be2 Qc7 12.Bd2 c5 13.dxc5 Qxc5 14.b4 Qxb4 15.Nxb5 Qc5
16.Qxc5 Bxc5 17.Nc7 Ra7 18.Ba5 Bb6 19.Bxb6 Nxb6 20.Rac1 Nbd5 21.Nxd5 Nxd5
22.g3 Bd7 23.Ne5 Bb5 24.Bf3 Ne7 25.Kg2 Rb8 26.Rc5 Ng6 27.Nc6 Rc7 28.Nxb8 Rxc5
29.Rd8+ Nf8 30.Be2 Rc7 31.Nxa6 Bc6+ 32.Bf3 Bxf3+ 33.Kxf3 Ra7 34.Nc5 g5 35.a4 Kg7
36.Ke4 Ra5 37.Kd4 e5+ 38.Kc4  1-0

[Event "ch-FRA Pool B"]
[Site "Vichy FRA"]
[Date "2000.08.15"]
[Round "1"]
[White "Dorfman,J"]
[Black "Fressinet,L"]
[Result "1/2-1/2"]
[WhiteElo "2600"]
[BlackElo "2536"]

1.d4 d5 2.c4 c6 3.Nf3 Nf6 4.Nc3 e6 5.e3 Nbd7 6.Qc2 Bd6 7.g4 Nxg4 8.Rg1 f5
9.h3 Ngf6 10.Rxg7 Ne4 11.Bd2 Qf6 12.Rg2 Nf8 13.O-O-O Ng6 14.Bd3 Bd7 15.Rdg1 O-O-O
16.cxd5 Nxc3 17.Bxc3 exd5 18.Rg5 Rdf8 19.h4 Rhg8 20.Qa4 Kb8 21.Bb4 Ne7 22.Ne5 Bc8
23.Bxd6+ Qxd6 24.Qd1 Qh6 25.f4 Qxh4 26.Rh1 Qf2 27.Qf3 Qxf3 28.Nxf3 Rf7 29.Kd2 Rg6
30.Rgh5 Rg2+ 31.Be2 Ng8 32.Ng5 Re7 33.Rxh7 Rxh7 34.Nxh7 Kc7 35.Ke1 Rg6 36.Ng5 Nf6
37.Bf3 Rg7 38.Kd2 Ne4+ 39.Bxe4 dxe4 40.Rh6 Bd7 41.Kc3 a5 42.a3 Re7 43.Kc4 Re8
44.Rh7 b6 45.d5 Rg8 46.Kd4 cxd5 47.Kxd5 Rg6 48.Nf7 Rg1 49.Ne5 Rd1+ 50.Kc4 Rc1+
51.Kb3 Rd1 52.Kc2 Rd6 53.b4 axb4 54.axb4 Kc8 55.Rh8+ Kc7 56.Rh7 Kc8 57.Kc3 Be6
58.b5 Bd7 59.Kc4 Be6+ 60.Kb4 Ba2 61.Nc6 Be6 62.Nd4 Bd7 63.Kc4 Kd8 64.Rh5 Kc7
65.Rh8 Rg6 66.Rf8 Rd6 67.Rf7 Kd8 68.Rh7 Ke8 69.Rh5 Kd8 70.Rg5 Kc7 71.Rg8 Kb7
72.Rg7 Kc8 73.Re7 Kd8 74.Re5 Kc7 75.Kc3 Rf6 76.Re7 Kd6 77.Re5 Rf8 78.Kb4 Rf6
79.Kc4 Rf8 80.Rd5+ Kc7 81.Kc3 Rf6 82.Kc2 Rf8 83.Kd2 Rf6 84.Ke1 Rd6 85.Re5 Rf6
86.Kf2 Kd6 87.Kg3 Rg6+  1/2-1/2

[Event "Penta Media GM"]
[Site "Kelamabakkam IND"]
[Date "2000.08.16"]
[Round "3"]
[White "Harikrishna,P"]
[Black "Prasad,D"]
[Result "1-0"]
[WhiteElo "2500"]
[BlackElo "2431"]

1.c4 c6 2.Nf3 d5 3.e3 Nf6 4.Nc3 e6 5.d4 Nbd7 6.Bd3 dxc4 7.Bxc4 b5 8.Bb3 Bb7
9.O-O b4 10.Ne2 Bd6 11.Nf4 O-O 12.Ng5 Bxf4 13.exf4 h6 14.Nf3 c5 15.Be3 Ba6
16.dxc5 Bxf1 17.Qxf1 Qa5 18.Rc1 Nd5 19.Bxd5 exd5 20.Bd4 Rac8 21.Nh4 Rxc5
22.Bxc5 Nxc5 23.Nf5 Re8 24.g3 Ne4 25.Qd3 Qb6 26.Qd4 Qf6 27.Qxf6 Nxf6 28.Kf1 Re6
29.Rc2 Ne4 30.f3 Nd6 31.Nd4 Re3 32.Kf2 Rd3 33.Nc6 b3 34.axb3 Rxb3 35.Ne7+ Kh7
36.Nxd5 a5 37.g4 h5 38.h3 f6 39.f5 Kh6 40.Nf4 hxg4 41.hxg4 a4 42.Rd2 Nf7
43.Kg3 Kh7 44.Ng6 Kg8 45.Rd4 Rxb2 46.Rxa4 Rb8 47.Ra7 Re8 48.Ne7+ Kf8 49.Nd5 Kg8
50.Nc7 Re7 51.Ra8+ Kh7 52.Ne6 g5 53.fxg6+ Kxg6 54.Nf4+ Kh6 55.Ra6 Kg5 56.Nd5  1-0

[Event "Penta Media GM"]
[Site "Kelamabakkam IND"]
[Date "2000.08.16"]
[Round "3"]
[White "Prakash,G"]
[Black "Barua,D"]
[Result "1/2-1/2"]
[WhiteElo "2429"]
[BlackElo "2502"]

1.d4 d5 2.c4 e6 3.Nc3 Nf6 4.Nf3 c6 5.e3 Nbd7 6.Qc2 Bd6 7.Bd3 O-O 8.O-O dxc4
9.Bxc4 Qe7 10.a3 e5 11.h3 Bb8 12.Ba2 h6 13.Nh4 Rd8 14.Nf5 Qe8 15.Bd2 Nf8
16.Rad1 Be6 17.Bb1 Qd7 18.Bc1 Bxf5 19.Qxf5 exd4 20.Rxd4 Qxf5 21.Bxf5 Be5
22.Rxd8 Rxd8 23.Rd1 Rxd1+ 24.Nxd1 Ne6 25.f4 Bc7 26.Nc3 a5 27.Kf2 b5 28.b3 Kf8
29.Bb2 Ke7 30.Kf3 g6 31.Bb1 Nc5 32.Bc2 h5 33.g3 Nd5 34.Ne2 f5 35.Bd4 Bd6
36.Bb2 Bc7 37.Bd4 Bd6  1/2-1/2

[Event "ECh-u20"]
[Site "Aviles ESP"]
[Date "2000.08.18"]
[Round "3"]
[White "Halkias,S"]
[Black "Cheparinov,I"]
[Result "1/2-1/2"]
[WhiteElo "2502"]
[BlackElo "2189"]

1.d4 d5 2.c4 c6 3.Nc3 Nf6 4.e3 e6 5.Nf3 Nbd7 6.Qc2 Bd6 7.Bd3 O-O 8.O-O dxc4
9.Bxc4 a6 10.a3 c5 11.Rd1 cxd4 12.Rxd4 Qc7 13.Rh4 h6 14.Ba2 Ne5 15.Bd2 Ng6
16.Rh3 Bd7 17.Re1 Rac8 18.Nd4 Ne7 19.e4 Ng6 20.Rf1 Ng4 21.Qd1 Nf6 22.Bb1 Bf4
23.Bxf4 Qxf4 24.Nde2 Qc7 25.Kh1 Nf4 26.Nxf4 Qxf4 27.Rf3 Qc7 28.Qe2 e5 29.h3 Be6
30.Rg3 Rfd8 31.Re1 Qc5 32.Qf3 Kf8 33.Qe2 Rd7 34.Kh2 Rcd8 35.Rd3 Bc4 36.Rxd7 Rxd7
37.Qf3 Rd2 38.Re3 Qb6 39.b4 Qd4 40.Qf5 Be6 41.Qf3 Kg8 42.Re2 Bc4 43.Rxd2 Qxd2
44.Qg3 Nd7 45.Nd5 Bxd5 46.exd5 Qxd5 47.Qc3 g6 48.Bc2 Qd4 49.Qxd4 exd4 50.Kg3 Kg7
51.Kf4 f5 52.g4 fxg4 53.hxg4 Kf6 54.Ke4 Ne5 55.g5+ hxg5 56.Kxd4 Ke6 57.Kc5  1/2-1/2

[Event "IV Taca Brasilia CC"]
[Site "Brasilia BRA"]
[Date "2000.08.18"]
[Round "2"]
[White "Lima,Da"]
[Black "Caldeira,A"]
[Result "1-0"]
[WhiteElo "2525"]
[BlackElo "2304"]

1.d4 d5 2.c4 c6 3.Nf3 Nf6 4.Nc3 e6 5.e3 Nbd7 6.Qc2 Bd6 7.g4 e5 8.g5 exd4
9.Nxd4 Ne4 10.Nxe4 dxe4 11.Qxe4+ Kf8 12.Bd2 Qxg5 13.O-O-O Nc5 14.Qc2 Bg4
15.f3 Bh5 16.Kb1 Qf6 17.Bc3 Bg6 18.e4 Be5 19.Bh3 Re8 20.Ka1 b6 21.Rhf1 Qh4
22.Qg2 Na4 23.Nf5 Bxf5 24.Bxe5 Bxh3 25.Qxg7+ Ke7 26.Bd6+ Ke6 27.Qe5+ Kd7
28.Bb8+  1-0